Vista normal
Vista MARC
Entrada Personal Name
Número de registros utilizados en: 1
001 - CONTROL NUMBER
- control field: 2066
003 - CONTROL NUMBER IDENTIFIER
- control field: OSt
005 - DATE AND TIME OF LATEST TRANSACTION
- control field: 20180716121318.0
008 - FIXED-LENGTH DATA ELEMENTS
- fixed length control field: 160616 a|ac|n|aab||||||||||||a |n|||||||
010 ## - LIBRARY OF CONGRESS CONTROL NUMBER
- LC control number: 90659900
040 ## - CATALOGING SOURCE
- Original cataloging agency: OSt
- Transcribing agency: OSt
100 1# - HEADING--PERSONAL NAME
- Personal name: Melich, Joan-Carles,
- Dates associated with a name: 1961-
375 ## - GENDER
- Gender: Masculino
377 ## - ASSOCIATED LANGUAGE
- Language code: spa
400 1# - SEE FROM TRACING--PERSONAL NAME
- Personal name: Melich i Sangra, Joan-Carles,
- Dates associated with a name: 1961-
400 1# - SEE FROM TRACING--PERSONAL NAME
- Personal name: Sangra, Joan-Carles Melich i,
- Dates associated with a name: 1961-